| 000 | 00698nam a2200217Ia 4500 | ||
|---|---|---|---|
| 001 | 23819 | ||
| 003 | GE_BSU | ||
| 008 | 181216s||||||||xx |||||||||||||| ||und|| | ||
| 040 | _cGE_BSU | ||
| 245 | _aРеферативный журнал, №10.2018.Биология | ||
| 245 | _bРаздел 04В. Ботаника.Выпуск сводного тома | ||
| 245 | _cгл.ред.РАН Р.В.Петров и др. | ||
| 260 | _aмосква | ||
| 260 | _bВИНИТИ | ||
| 260 | _c2018г. | ||
| 300 | _a36с;30см; | ||
| 653 | _aПериодика | ||
| 653 | _aРеферативный журнал. №10.2018.Биология. | ||
| 653 | _aპერიოდიკა | ||
| 942 | _cCR | ||
| 999 |
_c56697 _d56697 |
||